000 00515nam a22001577a 4500
003 PILC
005 20150112093446.0
008 131010t xxu||||| |||| 00| 0 eng d
020 _a9719188553
050 _aHQ 799
_b.C456 2002
082 _aSFf 305.235
_bC35 2002
245 _aThe changing face of the Filipino :
_ba salesian tribute to the Youth of the Philippines /
260 _aMakati City, Philippines :
_bSalesian Society .
_c2002.
300 _a312 pages :
_bcolored illustration ;
_c30 cm.
942 _2lcc
_cBK
999 _c14933
_d14933